000
00286nam a2200109Ia 4500
008
200302s9999 xx 000 0 und d
100
_a
Not Known
245
_a
Hok Asia - Ellmuth Obata + Kassabaum -- Asia
260
_b
The Images Publishing Group Pty Ltd
260
_c
2009
300
_a
260
999
_c
4705
_d
4705